Municipios Segovia - Estadísticas

Estadísticas generales
  • Esta prueba ha sido intentada 258 veces
  • La puntuación promedio es 56 de 228
Respuestas en el mapa
Las respuestas están codificadas por una escala verde-roja en el mapa de la prueba según el % correcto abajo.
 
Estadísticas de respuestas
Respuesta % Correcto
Segovia
94%
Cuéllar
86%
El Espinar
70%
Coca
68%
Sepúlveda
68%
Riaza
67%
Cantalejo
66%
Ayllón
65%
Pedraza
62%
Santa María la Real de Nieva
61%
Real Sitio de San Ildefonso
59%
Turégano
58%
La Lastrilla
56%
Palazuelos de Eresma
55%
Cantimpalos
54%
Carbonero el Mayor
54%
Torrecaballeros
54%
Navas de Oro
52%
Otero de Herreros
51%
Villacastín
51%
Nava de la Asunción
49%
Abades
48%
Nieva
48%
Bernuy de Porreros
46%
Hontanares de Eresma
45%
Cerezo de Arriba
43%
Navafría
43%
Trescasas
43%
Valverde del Majano
43%
La Losa
41%
San Cristóbal de Segovia
41%
Cerezo de Abajo
40%
Fuentepelayo
40%
Aguilafuente
39%
Navalmanzano
39%
Prádena
39%
Ortigosa del Monte
38%
Garcillán
37%
Lastras de Cuéllar
37%
Valseca
37%
Arcones
36%
Zarzuela del Monte
35%
Bernardos
34%
Sanchonuño
34%
Añe
33%
Cabezuela
33%
Gomezserracín
33%
Mozoncillo
33%
Chañe
32%
Hontalbilla
32%
Juarros de Voltoya
32%
Maderuelo
32%
Marugán
32%
Navas de Riofrío
32%
Zarzuela del Pinar
32%
Espirdo
31%
Fuentidueña
31%
Muñopedro
31%
Navas de San Antonio
31%
Anaya
30%
Santo Tomé del Puerto
30%
Boceguillas
29%
Sacramenia
29%
Sotosalbos
29%
Aldea Real
28%
Casla
28%
Juarros de Riomoros
28%
Martín Miguel
28%
Matabuena
28%
Muñoveros
28%
Vegas de Matute
28%
Martín Muñoz de las Posadas
27%
Bercial
26%
Codorniz
26%
Marazuela
26%
Veganzones
26%
Collado Hermoso
25%
Escalona del Prado
25%
Sangarcía
25%
Lastras del Pozo
24%
Marazoleja
24%
Pinarejos
24%
Yanguas de Eresma
24%
Caballar
23%
Cabañas de Polendos
23%
Labajos
23%
La Matilla
23%
Migueláñez
23%
Pinarnegrillo
23%
Roda de Eresma
23%
Sebúlcor
23%
Armuña
22%
Brieva
22%
Adrada de Pirón
21%
Adrados
21%
Escarabajosa de Cabezas
21%
Ituero y Lama
21%
Torreiglesias
21%
Torre Val de San Pedro
21%
Basardilla
20%
Monterrubio
20%
Tabanera la Luenga
20%
Villaverde de Íscar
20%
Fresno de Cantespino
19%
Navares de Enmedio
19%
San Miguel de Bernuy
19%
Escobar de Polendos
18%
Gallegos
18%
Martín Muñoz de la Dehesa
18%
San Cristóbal de Cuéllar
18%
Fuenterrebollo
17%
Los Huertos
17%
Santiuste de San Juan Bautista
17%
Sotillo
17%
Valdeprados
17%
Aldealengua de Pedraza
16%
Encinillas
16%
Fuentesaúco de Fuentidueña
16%
Grajera
16%
Olombrada
16%
San Martín y Mudrián
16%
San Pedro de Gaíllos
16%
Sauquillo de Cabezas
16%
Arahuetes
15%
Frumales
15%
Aldehuela del Codonal
14%
Barbolla
14%
Bercimuel
14%
Calabazas de Fuentidueña
14%
Campo de San Pedro
14%
Domingo García
14%
Riofrío de Riaza
14%
Samboal
14%
Santo Domingo de Pirón
14%
Carabias
13%
Donhierro
13%
Navares de Ayuso
13%
Aldeanueva del Codonal
12%
Aldeasoña
12%
Arevalillo de Cega
12%
Carrascal del Río
12%
Corral de Ayllón
12%
Cubillo
12%
Honrubia de la Cuesta
12%
Languilla
12%
Mata de Cuéllar
12%
Navares de las Cuevas
12%
Santiuste de Pedraza
12%
Vallelado
12%
Valtiendas
12%
Aldealcorvo
11%
Aldehorno
11%
Cuevas de Provanco
11%
Duruelo
11%
Encinas
11%
Fuente el Olmo de Fuentidueña
11%
San Cristóbal de la Vega
11%
Alconada de Maderuelo
10%
Aldeanueva de la Serrezuela
10%
Castrojimeno
10%
Condado de Castilnovo
10%
Fresneda de Cuéllar
10%
Fresno de la Fuente
10%
Melque de Cercos
10%
Montejo de la Vega de la Serrezuela
10%
Moral de Hornuez
10%
Navalilla
10%
Pelayos del Arroyo
10%
Perosillo
10%
Rapariegos
10%
Rebollo
10%
Urueñas
10%
Ventosilla y Tejadilla
10%
Fuentesoto
9%
Puebla de Pedraza
9%
Remondo
9%
Aldealengua de Santa María
8%
Castroserna de Abajo
8%
Castroserracín
8%
Cedillo de la Torre
8%
Cobos de Fuentidueña
8%
Fuente de Santa Cruz
8%
Fuentepiñel
8%
Laguna de Contreras
8%
Membibre de la Hoz
8%
Montejo de Arévalo
8%
Orejana
8%
Ortigosa de Pestaño
8%
Riaguas de San Bartolomé
8%
Ribota
8%
Tolocirio
8%
Torrecilla del Pinar
8%
Castillejo de Mesleón
7%
Cozuelos de Fuentidueña
7%
Pajarejos
7%
Torreadrada
7%
Aldeonte
6%
Castro de Fuentidueña
6%
Cilleruelo de San Mamés
6%
Fuente el Olmo de Íscar
6%
Sequera de Fresno
6%
Valdevacas y Guijar
6%
Valle de Tabladillo
6%
Valleruela de Pedraza
6%
Santa Marta del Cerro
5%
Valleruela de Sepúlveda
5%
Villeguillo
5%
Valdevacas de Montejo
4%
Villaverde de Montejo
4%
No se encontraron pruebas coincidentes
Distribución de puntuación
Porcentaje de gente con cada puntuación
Porcentaje por número respondido
Historial de tus puntuaciones
No has intentado esta prueba.